000 00389pab a2200157 454500
008 180718b1996 xxu||||| |||| 00| 0 eng d
100 _aBalasubrahamanyan, Vimal
245 _aHealth workers on new `target free' approach
260 _c1996
300 _ap.26-27
362 _a2 Nov
650 _aFamily planning
650 _aHealth services
773 _aMainstream
909 _a32881
999 _c32881
_d32881